00998cam a2200301 a 45000010005000000030006000050050017000110080041000280100017000690200018000860400023001040500016001270820009001431000024001522450087001762600041002633000048003044400028003525050007003805200140003875210018005275210018005456500022005636500023005856500022006086500025006307000041006554686FISKH20250708152925.0970116s1998 nyua b 000 1 eng  a 97000732  a9780689817045 aDLCcDLCdDLCbeng aPZ7.H83727  a653 1 aHowe, James,d1946-10aPinky and Rex and the school play /cby James Howe ; illustrated by Melissa Sweet. aNew York :bSimon Spotlight, c1998. a40 pages : bcolor illustrations ; c23 cm  0aReady-to-read.nLevel 3 aM  aPinky is jealous when his best friend Rex gets the lead in the school play, even though she only tried out to give Pinky moral support.8 a530 bLexile 8 aM bRaz-Plus  1aTheatervFiction. 1aJealousyvFiction. 1aSchoolsvFiction. 1aFriendshipvFiction.1 aSweet, Melissa,d1956-eillustrator